Study on dispersion of nanoclay in natural rubber (NR) latex and its effect on NR vulcanization (Record no. 69831)

MARC details
000 -LEADER
fixed length control field 00471nam a2200157Ia 4500
100 ## - MAIN ENTRY--AUTHOR NAME
Personal name Chuong Bul
245 #0 - TITLE STATEMENT
Title Study on dispersion of nanoclay in natural rubber (NR) latex and its effect on NR vulcanization
260 ## - PUBLICATION, DISTRIBUTION, ETC. (IMPRINT)
Name of publisher Kautschuk Gummi Kunststoffe
Year of publication 2012
300 ## - PHYSICAL DESCRIPTION
Number of Pages 30-33
650 ## - SUBJECT ADDED ENTRY--TOPICAL TERM
Topical Term Nanoclay
650 ## - SUBJECT ADDED ENTRY--TOPICAL TERM
Topical Term Natural rubber latex
650 ## - SUBJECT ADDED ENTRY--TOPICAL TERM
Topical Term NR nanocomposites
650 ## - SUBJECT ADDED ENTRY--TOPICAL TERM
Topical Term Vulcanization
942 ## - ADDED ENTRY ELEMENTS (KOHA)
Koha item type Journals
Holdings
Withdrawn status Lost status Damaged status Not for loan Home library Current library Shelving location Date acquired Serial Enumeration / chronology Koha item type
      Journals RRII Library RRII Library Rubber technology 28/01/2013 Volume 65, Issue 08-Jul Journals